000 00891nam a2200253Ia 4500
001 9736
003 GE_BSU
008 181216s||||||||xx |||||||||||||| ||und||
040 _cGE_BSU
080 _a821.353.1-1
100 _aნინუა,რატი
245 _aნატალი
245 _bლექსები,მოთხრობა,წერილები,მოგონებები
245 _cრედ:რუსუდან ჭანტურიშვილი;მხატვ:.ზაურ ხარაბაძე
250 _a9994017365.
260 _aთბილისი.
260 _bჯისიაი.
260 _c2004.
300 _a164გვ;20სმ.
541 _h3ლ.
653 _aლექსები,მოთხრობა,წერილები,მოგონებები.
653 _aნატალი
942 _cBK
999 _c43017
_d43017